000 02147cam a2200421 a 4500
999 _c25512
_d25512
001 15326677
003 OSt
005 20201113131758.0
008 080409s2008 enk 000 0 eng
010 _a 2008411244
015 _aGBA857742
_2bnb
016 7 _a014590590
_2Uk
020 _a9781847030337 (hard)
020 _a1847030335 (hard)
035 _a(OCoLC)ocn225453876
035 _a(OCoLC)225453876
040 _aUKM
_cUKM
_dDLC
050 0 0 _aK1173
_b.L69 2008
082 0 4 _a343.41096
_222
245 0 0 _aLowndes and Rudolf :
_bthe law of general average and-the York/Antwerp Rules.
246 3 8 _aLowndes & Rudolf
246 1 4 _aGeneral average and the York-Antwerp rules
250 _a13th ed. /
_bby Julian Cooke, Richard Cornah.
260 _aLondon :
_bSweet & Maxwell,
_c2008.
300 _axl, 825 p. ;
_c24 cm.
440 0 _aBritish shipping laws
500 _aPrevious ed.: published as by D.J. WIlson, J.H.S. Cooke. 1997.
505 _aTable of Contents Section 1 Historical introduction; Section 2 Some principles of the law of carriage by sea; Section 3 The history and development of the York-Antwerp rules; Section 4 The York-Antwerp Rules 1994/2004. Section 5 – Assessing and enforcing rights of contribution; Section 6 - The currency of the adjustment; Section 7 - General average and insurers and recoveries; Appendices; Appendix 1 – The Roman Civil law; Appendix 2A – York-Antwerp Rules (1877), York Rules (1864) and York-Antwerp Rules (1877); Appendix 2B – York-Antwerp Rules of 1890, 1924, 1950, 1974 (and as amended 1990), 1994 and 2004; Appendix 3 – Rules of practice (adopted by the association of adjusters) Appendix 4 – Documents; Index.
630 0 0 _aYork-Antwerp rules.
650 0 _aAverage (Maritime law)
700 1 _aCooke, J. H. S.
_q(Julian Humphrey Spencer)
700 1 _aCornah, R. R.
_q(Richard R.)
700 1 _aLowndes, Richard.
_tLaw of general average.
700 1 _aRudolf, George Rupert.
_tYork-Antwerp rules.
906 _a7
_bcbc
_ccopycat
_d2
_encip
_f20
_gy-gencatlg
942 _2ddc
_cBK